Регионална библиотека "Любен Каравелов" - Русе

Кодът на Наполеон (Запис номер 76021)

MARC детайли
000 -Лидер
Контролно поле с фиксирана дължина 01478nam a2200373 c 4500
003 - Код на организацията, давaща контролен номер
Контролно поле BLK
005 - Дата и час на последна редакция
Контролно поле 20240808144833.0
008 - Елементи от данни с фиксирана дължина
fixed length control field 180408b bul|||||r ||||||| ||bul||
010 ## - Наследен системен номер
LC control number KNG00080447000
020 ## - Международен стандартен номер на книга ISBN
Международен стандартен номер на книга ISBN 978-954-516-654-9
-- издат.: Летера
040 ## - Източник на каталожния запис
Идентификатор на билиотеката - собственик на записа BLK
041 ## - Код за език
Код за езика на текст/звукозапис или на отделно заглавие Български
Код за езика КДБФ Български
072 #7 - Код за тематичната категория
Код организация bullib
Код за тематична категория Н83
Текст Чужда художествена литература Н
080 ## - УДК
Текстов определител УДК Руска литература
УДК код - определител по УДК 821.161.1
УДК определител -312.4
УДК - код + определител 821.161.1-312.4
100 1# - Редна дума - Автор
Автор Доронин, Влад
Авторска отговорност първи автор
R(LIN) 297724
139 ## - Редно поле
Редна дума Доронин, Влад
Авторски знак Дори - Д 80
245 10 - Сведения за заглавието
Заглавие Кодът на Наполеон
Подзаглавни данни Тайната на една библейска светиня
Редно поле (дума) Влад Доронин; прев. от рус. Недялка Христова.
257 ## - Страна на издаване
Страна на създаване/издаване Русия
260 ## - Област на издателските данни
-- Пловдив
Име на издателя, разпространителя и проч. Летера
Година на издаване 2010
Печатница Пловдив : Жанет 45
300 ## - Физическа характеристика
Страници 319 с.
Размери/Мащаб 22 см
380 ## - Жанр
Жанр Худож. лит.
490 1# - СЕРИИ (Колекции)
Име на серия Роман-загадка
500 ## - Общи забележки
Забележка Ориг. загл. Код Наполеона / Влад Доронин.
653 ## - Ключова дума – ненормативна
Ключова дума романи
653 ## - Ключова дума – ненормативна
Ключова дума трилъри
659 ## - Тематичен бюлетин
Тематичен бюлетин Н
700 1# - Други автори (авторска отговорност)
Лично име Христова, Недялка
Автороска отговорност (Описва отношението между автора и произведението) прев. от рус.
9 (RLIN) 272461
852 ## - Местоположение
Форматна сигнатура Цб 253449
856 4# - Електронен адрес и достъп
Електронен формат pdf - файл
Път до файла /url/
856 4# - Електронен адрес и достъп
Електронен формат pdf - файл
Път до файла /url/
942 ## - АРТИКУЛИ
Вид на библиотечния материал Книги
Скрит в OPAC Не
Koha issues (borrowed), all copies 12
944 ## - СЪЗДАВАНЕ И РЕДАКЦИЯ на ЗАПИСА
Създаване/Редакция Създаване
Дата на регистрацията/редакция 03.11.2011
Статус, дата на статуса Галина Якимова
Служител, извършил регистрацията/редакцията 30564
944 ## - СЪЗДАВАНЕ И РЕДАКЦИЯ на ЗАПИСА
Създаване/Редакция Редакция
Дата на регистрацията/редакция 19.12.2014
Статус, дата на статуса ф /
Служител, извършил регистрацията/редакцията Людмила_Стоянова
999 ## - СИСТЕМНИ КОНТРОЛНИ НОМЕРА
Koha biblionumber 76021
Koha biblioitemnumber 76021
Наличности
Код за отписване Код за изгубен артикул Код за повреда Коз за рестрикции Код за отдаване Артикулен № Име на библиотеката - собственик Име на библиотеката, в която се намира в момента Статус (Текущо местоположение) Дата на вписване в системата Местоположение - отдел Цена в лева Инвентарен номер Систематично азбучна сигнатура Баркод Номер на екземпляра Цена в евро Служебна бележка Служебен тип на артикула Източник на класификационната схема
  Не е изгубен Не е повреден без рестрикции ползва се в читалня 123639 Регионална библиотека "Любен Каравелов" Русе Регионална библиотека "Любен Каравелов" Русе Хранилище 2011-11-03 Хранилище 16.00 120000754079 Цб 253449 120000754079 1 8.18 Дост: Dp Вид: Д N: 12 Дата: 21.03.2011 Книги  
  Не е изгубен Не е повреден без рестрикции заемане за дома 123640 Регионална библиотека "Любен Каравелов" Русе Регионална библиотека "Любен Каравелов" Русе Заемна - подръчен фонд 2014-02-13 Заемна - подръчен фонд 5.00 120000774579 П 882-31/Д 80 120000774579 2 2.56 Дост: Pk Вид: Ф N: 270 Дата: 07.02.2014 Дата инв: 01.03.2018 Бележки инв: П2018 Книги  
  Не е изгубен Не е повреден без рестрикции заемане за дома 123641 Регионална библиотека "Любен Каравелов" Русе Регионална библиотека "Любен Каравелов" Русе Заемна - подръчен фонд 2014-12-18 Заемна - подръчен фонд 16.00 120000783926 П 882-31/Д 80 120000783926 3 8.18 Дост: DA Вид: Г N: 31 Дата: 18.12.2014 Дата инв: 09.02.2018 Бележки инв: П2018 Книги  
  Не е изгубен Не е повреден без рестрикции заемане за дома 687989 Регионална библиотека "Любен Каравелов" Русе Регионална библиотека "Любен Каравелов" Русе Заемна - подръчен фонд 2019-01-02 Заемна - подръчен фонд 5.00   П 821.161.1-31/Д 80 120000828735   2.56   Книги Universal Decimal Classification
Vip Innovations Ltd, Rousse, Bulgaria 2025